<?xml version="1.0" encoding="UTF-8"?>
<collection xmlns="http://www.loc.gov/MARC21/slim">
 <record>
  <leader>00942pamaa2200133   4500</leader>
  <controlfield tag="001">0000028371</controlfield>
  <controlfield tag="005">20140822090000.0</controlfield>
  <datafield tag="020" ind1="0" ind2="0">
   <subfield code="a">[ nil ] </subfield>
  </datafield>
  <datafield tag="090" ind1="0" ind2="0">
   <subfield code="a">LB2831.5 </subfield>
   <subfield code="b">ANN 2000</subfield>
  </datafield>
  <datafield tag="245" ind1="0" ind2="0">
   <subfield code="a">ANNUAL National education conference : </subfield>
   <subfield code="b">21st century education strategising for the future  </subfield>
   <subfield code="c">organised by Asian Strategy and Leadership Institute.</subfield>
  </datafield>
  <datafield tag="300" ind1=" " ind2=" ">
   <subfield code="a">various pages: </subfield>
   <subfield code="b">ill.col.; </subfield>
   <subfield code="c">28cm.</subfield>
  </datafield>
  <datafield tag="500" ind1="0" ind2="0">
   <subfield code="a">Contents : Educational reforms: challenges and opportunities, Ensuring quality in private education, 12-year school system: a way to a better society in the new century, Meeting the needs of foreign students in Malaysia, The need for a eating system realm of higher education in Malaysia, Craeting synergy in education industry, Merging of traditional and online modes of learning: issues and challenges, Special focus on professional and post-graduate studies, Managing public university collaborative programme</subfield>
  </datafield>
  <datafield tag="650" ind1="0" ind2="0">
   <subfield code="a">Education </subfield>
  </datafield>
  <datafield tag="650" ind1="0" ind2="0">
   <subfield code="a">Seminar paper </subfield>
  </datafield>
 </record>
</collection>
